000 00443nam a2200169Ia 4500
003 GCL
008 140319s9999 xx 000 0 eng d
040 _aGCL /
_cGCL
082 0 4 _a495.6
_bQ A
100 1 _aQ'NEILL, P. G.
245 1 0 _aA READER OF HAND WRITTEN JAPANESE /
_cQ'NEILL, P. G.
260 _a[S.N] :
_bKODANSHA INTERNATIONAL ،
_c1984
300 _a267 P
650 0 4 _aJAPAN - LANGUAGE
650 0 4 _aLANGUAGES
942 _2ddc
_cBK
999 _c21372
_d21372